| 000 | 00696nam a22001935i 4500 | ||
|---|---|---|---|
| 001 | 160411 | ||
| 003 | ES-MaACL | ||
| 005 | 20250710063340.0 | ||
| 008 | 040924s1871 sp |||| | spa d | ||
| 080 | _a821.133.1-31"18" | ||
| 100 | 1 |
_aMürger, Henry, _d1822-1861 _984575 |
|
| 245 | 1 | 1 |
_a[Escenas de la vida de bohemia / _cnovela escrita en francés por Henri Murger ; traducida por José de Palma y Rico]. |
| 260 |
_aMadrid : _b[s.n.], _c1871 ( _fImp. J. Velada) |
||
| 300 |
_aVIII, 256 p. ; _c19 cm. |
||
| 500 | _aDatos tomados de la BN y fichero Ateneo. | ||
| 700 | 1 |
_aPalma y Rico, José de. _9130798 |
|
| 852 |
_aES-MaACL _jD-712 _q-- Falto de port. |
||
| 999 |
_c160411 _d160411 |
||